00242pam a2200133 a 4500020000500000041000500005100001600010245002500026250000900051260000900060300000800069653001400077700001700091 c h aK.M.Gokhale aAnalytical Chemistry aIInd c1999 a116 achemistry aD.B.Kulkarni